[Event "AUTO-ADV-592"]
[Site "http://www.queenalice.com/game.php?id=249985"]
[Date "2007.8.3"]
[Round "1"]
[White "rubenov"]
[Black "xandrj"]
[Result "1-0"]
[WhiteElo "1906"]
[BlackElo "1817"]

1. d4 Nf6 2. Nc3 d5 3. Bf4 c6 4. e3 Bf5 5. Nf3 Qb6 6. Rb1 e6 7. a3 Nbd7 8. h3
Be7 9. Be2 Ne4 10. Nxe4 Bxe4 11. O-O O-O 12. Nd2 Nf6 13. Nxe4 dxe4 14. c3 Rad8
15. Qc2 Bd6 16. Bg5 Be7 17. Bxf6 Bxf6 18. Qxe4 c5 19. Bd3 g6 20. g4 cxd4 21.
exd4 Rfe8 22. f4 Qc6 23. Qxc6 bxc6 24. g5 Bg7 25. Be4 Rd6 26. b4 h6 27. h4 h5
28. b5 cxb5 29. Rxb5 Re7 30. Rfb1 f5 31. Bf3 Rc7 32. R1b3 a6 33. Rb7 Rc8 34. Ra7
Rf8 35. Rbb7 Bxd4+ 36. cxd4 1-0

[Event "AUTO-ADV-592"]
[Site "http://www.queenalice.com/game.php?id=249986"]
[Date "2007.8.3"]
[Round "1"]
[White "xandrj"]
[Black "rubenov"]
[Result "0-1"]
[WhiteElo "1780"]
[BlackElo "1953"]

1. e4 c6 2. d4 d5 3. e5 Bf5 4. Nf3 e6 5. Bd3 Bg4 6. h3 Bh5 7. g4 Bg6 8. Bxg6
hxg6 9. Nc3 Bb4 10. Bd2 Nd7 11. Na4 Be7 12. Be3 Qa5+ 13. Nc3 Bb4 14. Bd2 Ne7 15.
a3 Bxc3 16. Bxc3 Qb5 17. Qd2 Nb6 18. Qd3 Qxd3 19. cxd3 Rh6 20. g5 Rh5 21. b3 Nf5
22. O-O-O Kd7 23. h4 Rah8 24. a4 Nxh4 25. Nxh4 Rxh4 26. Rxh4 Rxh4 27. a5 Nc8 28.
b4 a6 29. Kc2 Ne7 30. Rf1 Nf5 31. Kb3 Rh5 32. Rg1 Rh2 33. Rf1 Ke7 34. Bb2 Nh4
35. f4 Nf5 36. Rf3 f6 37. Kc3 Kf7 38. Kb3 Rh5 39. gxf6 gxf6 40. Kc3 g5 41. fxg5
fxg5 42. Rf1 Kg6 43. Rg1 Rh4 44. Bc1 g4 45. Bf4 Kh5 46. Kd2 Nxd4 47. Rg2 Rh3 48.
Be3 Nf3+ 49. Ke2 Nxe5 50. d4 Nf3 51. Bf4 Nxd4+ 52. Kf2 Rf3+ 0-1

[Event "AUTO-ADV-592"]
[Site "http://www.queenalice.com/game.php?id=250001"]
[Date "2007.8.3"]
[Round "1"]
[White "xandrj"]
[Black "CampbellMarcel"]
[Result "0-1"]
[WhiteElo "1732"]
[BlackElo "1659"]

1. e4 c5 2. Nf3 Nc6 3. c3 a6 4. d4 cxd4 5. cxd4 e6 6. e5 Nge7 7. Bd3 d5 8. O-O
Ng6 9. Nc3 Be7 10. Ne2 O-O 11. Bxg6 hxg6 12. b3 b5 13. Bd2 Bb7 14. Qc1 Kh7 15.
Bg5 f6 16. exf6 gxf6 0-1

[Event "AUTO-ADV-592"]
[Site "http://www.queenalice.com/game.php?id=250002"]
[Date "2007.8.3"]
[Round "1"]
[White "CampbellMarcel"]
[Black "xandrj"]
[Result "1-0"]
[WhiteElo "1638"]
[BlackElo "1753"]

1. e4 e5 2. f4 Nc6 3. Nf3 d6 4. d3 Nf6 5. f5 Qd7 6. h3 g6 7. g4 Qe7 8. Bg2 Bd7
9. Bg5 O-O-O 10. Nc3 Bg7 11. Nd5 Qf8 12. Nxf6 Ne7 13. Nxd7 Rxd7 14. f6 h6 15.
fxg7 Qxg7 16. Bxe7 Rxe7 17. Rf1 1-0

[Event "AUTO-ADV-592"]
[Site "http://www.queenalice.com/game.php?id=250003"]
[Date "2007.8.3"]
[Round "1"]
[White "xandrj"]
[Black "richerby"]
[Result "0-1"]
[WhiteElo "1761"]
[BlackElo "1955"]

1. e4 c6 2. Nc3 d5 3. d4 dxe4 4. Nxe4 Nd7 5. Qf3 Ngf6 6. Bc4 e6 7. Bg5 Be7 8.
Bxf6 Nxf6 9. O-O-O O-O 10. h4 b5 11. Bb3 a5 12. c3 Bb7 13. Bc2 Qc7 14. Qd3 Qf4+
15. Nd2 c5 16. Nh3 Qh6 17. f3 c4 18. Qe2 b4 19. cxb4 axb4 20. Kb1 b3 21. axb3
cxb3 22. Bxb3 Qh5 23. Ng5 h6 24. g4 Qg6+ 25. Bc2 Ra1+ 26. Kxa1 Qxc2 27. Nb1 Ra8+
28. Na3 Qxe2 29. Rhe1 Qa6 0-1

[Event "AUTO-ADV-592"]
[Site "http://www.queenalice.com/game.php?id=250004"]
[Date "2007.8.3"]
[Round "1"]
[White "richerby"]
[Black "xandrj"]
[Result "1-0"]
[WhiteElo "2010"]
[BlackElo "1788"]

1. e4 e5 2. Nf3 Nc6 3. Bb5 f6 4. O-O Nd4 5. Bc4 Nxf3+ 6. Qxf3 Ne7 7. Nc3 c6 8.
d3 Ng6 9. Be3 Bb4 10. Ne2 b5 11. Bb3 Bb7 12. d4 d6 13. Rfd1 Qe7 14. a3 exd4 15.
Nxd4 c5 16. Nf5 Qc7 17. Nxd6+ Ke7 18. axb4 Ne5 19. Qe2 c4 20. Bc5 Bc6 21. Nxb5+
1-0

[Event "AUTO-OPEN-777"]
[Site "http://www.queenalice.com/game.php?id=252748"]
[Date "2007.8.8"]
[Round "1"]
[White "xandrj"]
[Black "Bergman"]
[Result "0-1"]
[WhiteElo "1790"]
[BlackElo "2554"]

1. e4 g6 2. Nf3 Bg7 3. e5 d6 4. exd6 cxd6 5. Nc3 Nc6 6. Bc4 Nh6 7. h3 Nf5 8. O-O
O-O 9. b3 Be6 10. Bxe6 fxe6 11. Bb2 d5 12. Na4 Bxb2 13. Nxb2 e5 14. d3 Nfd4 15.
Ng5 e6 16. c3 Qxg5 17. cxd4 Nxd4 18. Na4 Rf3 19. g3 Rc8 20. Rb1 Rc2 21. Rb2
Rxg3+ 22. Kh1 Rxh3# 0-1

[Event "AUTO-OPEN-777"]
[Site "http://www.queenalice.com/game.php?id=252749"]
[Date "2007.8.8"]
[Round "1"]
[White "Bergman"]
[Black "xandrj"]
[Result "1-0"]
[WhiteElo "2555"]
[BlackElo "1781"]

1. b3 Nf6 2. Bb2 Nc6 3. g3 d5 4. Bg2 e5 5. Nf3 e4 6. Nd4 Nxd4 7. Bxd4 Be6 8. O-O
Qd7 9. d3 Bd6 10. Nc3 Qe7 11. dxe4 O-O 12. e5 Bxe5 13. Bxe5 Rad8 14. Qd4 c5 15.
Qh4 d4 16. Ne4 Nd5 17. Qxe7 Nxe7 18. Nxc5 Bd5 19. Nxb7 Bxg2 20. Kxg2 Rd5 21. Bd6
Re8 22. Rad1 Nf5 23. c4 Nh4+ 24. gxh4 1-0

[Event "AUTO-ADV-601"]
[Site "http://www.queenalice.com/game.php?id=252957"]
[Date "2007.8.8"]
[Round "1"]
[White "Victoria_Soto"]
[Black "xandrj"]
[Result "1-0"]
[WhiteElo "1699"]
[BlackElo "1696"]

1. e4 e5 2. Nf3 Nc6 3. Bc4 h6 4. Nc3 d6 5. a3 Be6 6. Qe2 Bxc4 7. Qxc4 Nf6 8. d3
Qd7 9. Nd5 Nxd5 10. Qxd5 Qg4 11. h3 Qxg2 12. Rf1 Qxf3 13. Be3 Be7 14. Kd2 Qxh3
15. Rh1 Qd7 16. Rag1 Rg8 17. Bxh6 O-O-O 18. Bxg7 Nd4 19. Rg3 Qa4 20. Rc1 c6 21.
Qxf7 Rde8 22. Bh6 Rh8 23. Rg7 1-0

[Event "AUTO-ADV-601"]
[Site "http://www.queenalice.com/game.php?id=252958"]
[Date "2007.8.8"]
[Round "1"]
[White "xandrj"]
[Black "Victoria_Soto"]
[Result "0-1"]
[WhiteElo "1713"]
[BlackElo "1682"]

1. e4 e5 2. Nf3 Nc6 3. Nc3 d6 4. d4 Bg4 5. h3 Bxf3 6. Qxf3 exd4 7. Nd5 Ne5 8.
Qb3 Nf6 9. Bd3 c6 10. Nf4 Nxd3+ 11. Qxd3 c5 12. O-O Be7 13. Qg3 O-O 14. Re1 g6
15. c3 dxc3 16. bxc3 Kh8 17. Rb1 b6 18. c4 Rg8 19. Bb2 Qf8 20. e5 dxe5 21. Bxe5
Qg7 22. Nd5 Bd8 23. Qc3 h6 24. Nxf6 Bxf6 25. Bxf6 Qxf6 26. Qxf6+ Rg7 0-1

[Event "AUTO-ADV-601"]
[Site "http://www.queenalice.com/game.php?id=252973"]
[Date "2007.8.8"]
[Round "1"]
[White "Virgilio"]
[Black "xandrj"]
[Result "1-0"]
[WhiteElo "1837"]
[BlackElo "1805"]

1. e4 e5 2. Nf3 Nc6 3. Bc4 h6 4. Nc3 Bb4 5. d3 Nf6 6. a3 Bc5 7. O-O d6 8. h3 Qe7
9. Na4 O-O 10. Nxc5 dxc5 11. Nh2 Be6 12. Ba2 Rad8 13. f4 Bxa2 14. Rxa2 Qe6 15.
Ra1 exf4 16. Bxf4 c4 17. Qf3 cxd3 18. cxd3 Ne5 19. Bxe5 Rd7 20. Bxf6 gxf6 21.
Ng4 Qb6+ 22. Rf2 Rd6 23. Nxh6+ Kg7 24. Nf5+ 1-0

[Event "AUTO-ADV-601"]
[Site "http://www.queenalice.com/game.php?id=252974"]
[Date "2007.8.8"]
[Round "1"]
[White "xandrj"]
[Black "Virgilio"]
[Result "0-1"]
[WhiteElo "1790"]
[BlackElo "1933"]

1. e4 e5 2. Nf3 Nc6 3. Nc3 Nf6 4. d4 exd4 5. Nxd4 Nxd4 6. Qxd4 d6 7. e5 Qe7 8.
Be2 dxe5 9. Qc4 Be6 10. Qb5+ c6 11. Qxe5 Qd6 12. Qxd6 Bxd6 13. Be3 b6 14. Bg5
Be5 15. O-O Bxc3 16. bxc3 Ne4 17. Bf3 Nxg5 18. Bxc6+ Ke7 19. Bxa8 Rxa8 20. Rfe1
h6 21. f4 Rc8 22. fxg5 hxg5 23. Re3 Rc5 24. Rd3 g4 25. a3 a6 26. Rd4 Rxc3 27.
Rb4 b5 28. a4 Bc4 29. Re1+ Kf6 30. axb5 axb5 31. Rbb1 Rxc2 32. Re4 Kf5 33. Rbe1
b4 34. Re5+ Kf6 35. R5e4 b3 36. Rd4 b2 37. Rd6+ Kg5 38. Rb6 Bd3 39. h4+ gxh3 40.
gxh3 Rc1 41. Kf2 Rxe1 42. Rxb2 Re6 43. Rd2 Bf5 44. Kg2 Re3 45. Rd5 g6 0-1

[Event "AUTO-ADV-601"]
[Site "http://www.queenalice.com/game.php?id=252985"]
[Date "2007.8.8"]
[Round "1"]
[White "xandrj"]
[Black "kingjo"]
[Result "0-1"]
[WhiteElo "1779"]
[BlackElo "2035"]

1. e4 e5 2. Nf3 Nc6 3. c3 d6 4. d4 exd4 5. cxd4 Bg4 6. Be3 Nf6 7. h3 Bh5 8. Be2
Nxe4 9. Nh2 Bxe2 10. Qxe2 Be7 11. Nc3 Nxc3 12. bxc3 O-O 13. O-O Re8 14. Qg4 Bf6
15. Nf3 Ne7 16. Bh6 Ng6 17. Bg5 Bxg5 18. Nxg5 Qf6 19. Rae1 h6 20. Ne4 Qf4 21.
Qxf4 Nxf4 22. Ng3 Nd3 23. Rxe8+ Rxe8 24. Rb1 b6 25. Rb3 Nc1 26. Rb2 Re1+ 27. Kh2
Nd3 28. Rd2 Nf4 29. f3 Rc1 30. Ne2 Nxe2 31. Rxe2 Rxc3 0-1

[Event "AUTO-ADV-601"]
[Site "http://www.queenalice.com/game.php?id=252986"]
[Date "2007.8.8"]
[Round "1"]
[White "kingjo"]
[Black "xandrj"]
[Result "1-0"]
[WhiteElo "1916"]
[BlackElo "1817"]

1. e4 e5 2. Nf3 Nc6 3. d4 f6 4. dxe5 Nxe5 5. Nxe5 fxe5 6. Qh5+ g6 7. Qxe5+ Qe7
8. Qxh8 Qxe4+ 9. Be3 Qb4+ 10. Nd2 Ne7 11. Bh6 d6 12. Qxf8+ Kd7 13. Bg5 Nf5 14.
Qf7+ Kc6 15. Qe8+ Kb6 16. Be3+ c5 17. c3 1-0

[Event "AUTO-ADV-386"]
[Site "http://www.queenalice.com/game.php?id=258123"]
[Date "2007.8.19"]
[Round "2"]
[White "razoman"]
[Black "xandrj"]
[Result "1-0"]
[WhiteElo "1918"]
[BlackElo "1771"]

1. e4 e5 2. Nf3 Nc6 3. Bb5 Bd6 4. O-O a6 5. Bxc6 dxc6 6. d4 Qe7 7. dxe5 Bxe5 8.
Nxe5 Qxe5 9. Nc3 Nf6 10. h3 Bd7 11. Be3 O-O-O 12. Qf3 g5 13. g4 h5 14. Qg3 Rde8
15. Qxe5 Rxe5 16. f4 gxf4 17. Bxf4 Ree8 18. e5 hxg4 19. exf6 gxh3 20. Kh2 Re6
21. Bg3 Rh6 22. Rad1 Rexf6 23. Rxf6 Rxf6 24. Ne4 Rg6 25. Nc5 Bg4 26. Re1 Bd7 27.
Re7 b6 28. Nxd7 1-0

[Event "AUTO-ADV-386"]
[Site "http://www.queenalice.com/game.php?id=258124"]
[Date "2007.8.19"]
[Round "2"]
[White "xandrj"]
[Black "razoman"]
[Result "0-1"]
[WhiteElo "1765"]
[BlackElo "1864"]

1. e4 c5 2. Nf3 Nc6 3. Bb5 a6 4. Bxc6 bxc6 5. Nc3 d5 6. d3 Qc7 7. Qe2 d4 8. Nd1
e5 9. O-O h6 10. c3 Nf6 11. cxd4 cxd4 12. b3 Bd6 13. a4 O-O 14. Nb2 Rb8 15. Qd1
Bg4 16. Nc4 Bxf3 17. gxf3 Bb4 18. Kh1 Kh7 19. Rg1 Rg8 20. Bd2 Bxd2 21. Qxd2 Rxb3
22. Rab1 Rc3 23. a5 Nd7 24. Nb6 Nc5 25. Rg4 Rxd3 26. Qc2 Rc3 27. Qa2 Rxf3 28.
Rbg1 g5 29. h4 Rh3+ 30. Kg2 Rxh4 31. Kf1 Rxg4 32. Rxg4 h5 33. Rg2 Nxe4 34. Qb1
f5 0-1

[Event "AUTO-ADV-386"]
[Site "http://www.queenalice.com/game.php?id=258127"]
[Date "2007.8.19"]
[Round "2"]
[White "xandrj"]
[Black "OrlandoRochaFilho"]
[Result "0-1"]
[WhiteElo "1637"]
[BlackElo "1924"]

1. e4 c5 2. Nf3 d6 3. d4 cxd4 4. Qxd4 Nc6 5. Qd3 Nf6 6. c3 e6 7. Be2 Be7 8. O-O
O-O 9. Na3 a6 10. Nc4 b5 11. Ne3 Bb7 12. Qc2 Qc7 13. b4 Rfd8 14. h3 Rac8 15. Bb2
Nxb4 16. Qb3 Nc6 17. Rac1 d5 18. exd5 Nxd5 19. Nxd5 Rxd5 20. c4 Rd7 21. cxb5
axb5 22. Qxb5 Qd8 23. Ne5 Nxe5 24. Qxe5 Bf6 25. Qb5 Bxb2 26. Qxb2 Bd5 27. Rxc8
Qxc8 28. Rc1 Qd8 29. Ba6 Qe7 30. Qb8+ Rd8 31. Rc8 Rxc8 32. Qxc8+ Qf8 33. Qxf8+
Kxf8 34. a4 Ke7 35. a5 Kd6 0-1

[Event "AUTO-ADV-386"]
[Site "http://www.queenalice.com/game.php?id=258128"]
[Date "2007.8.19"]
[Round "2"]
[White "OrlandoRochaFilho"]
[Black "xandrj"]
[Result "1-0"]
[WhiteElo "1970"]
[BlackElo "1640"]

1. b3 Nc6 2. Bb2 Nf6 3. e3 d5 4. Bb5 Bd7 5. Nf3 a6 6. Be2 e6 7. O-O Bd6 8. Nc3
Qe7 9. d3 O-O-O 10. e4 h5 11. exd5 exd5 12. Na4 Ne5 13. Re1 Nfg4 14. Nxe5 Nxe5
15. d4 Ng4 16. Bxg4 Qh4 17. Bxd7+ Rxd7 18. g3 Qg5 19. c4 h4 20. c5 Bf8 21. Re5
Qg6 22. Qe2 f6 23. Re8+ Rd8 24. Qe6+ Kb8 25. Rxd8+ Ka7 26. Qc8 1-0

[Event "TORNEIO SERPRO 2"]
[Site "http://www.queenalice.com/game.php?id=263551"]
[Date "2007.8.29"]
[Round "2"]
[White "xandrj"]
[Black "joacijc"]
[Result "0-1"]
[WhiteElo "1640"]
[BlackElo "1863"]

1. e4 e5 2. Nf3 Nc6 3. Nc3 d6 4. d4 Bg4 5. d5 Nd4 6. Be2 Nxe2 7. Qxe2 Qd7 8. h3
Bh5 9. Be3 Nf6 10. g4 Bg6 11. Nd2 a6 12. O-O-O b5 13. g5 Nh5 14. b3 Be7 15. h4
f5 0-1